000 00455nam a2200121Ia 4500
008 220616s9999||||xx |||||||||||||| ||und||
100 _aLim, Sungyun
245 0 _aRules of the House
_bFamily Law and Domestic Disputes in Colonial Korea
546 _aEnglish[eng]
650 _aHistory||General||History||Asia||General||Social Science||Gender Studies
856 _uhttps://library.oapen.org/bitstream/20.500.12657/43712/1/external_content.pdf
942 _cEB
999 _c20108
_d20108